000 00553nam a2200193Ia 4500
008 151119s9999||||xx |||||||||||||| ||und||
082 _a28.5
082 _bGKKV6186
100 _aदेवळे श रा
245 _aथोरांच्या नवलकथा
260 _a--
260 _b--
260 _c0
600 _aदेवळे श रा
630 _aथोरांच्या नवलकथा
700 _aदेवळे श रा
730 _aथोरांच्या नवलकथा
942 _cBOOK
999 _c1061069
_d1061066